Statistiques concernant Les pays les plus libéraux

Cliquez ici pour prendre le quiz!

Statistiques générales

  • Ce quiz a été pris 87 fois
  • Le résultat moyen est 14 sur 20

Statistiques - réponses

Score (sur 100)Pays% Correct
80,2Canada
93%
75,5Etats-Unis
93%
73,1Suède
91%
74,9Royaume-Uni
90%
81,6Suisse
90%
73,4Allemagne
89%
82,0Australie
86%
73,4Finlande
86%
76,2Irlande
83%
76,1Danemark
81%
74,2Pays-Bas
81%
81,2Nouvelle-Zélande
78%
74,2Luxembourg
76%
89,4Singapour
59%
73,9Taiwan
53%
75,9Estonie
43%
73,0Lituanie
38%
78,7Chili
30%
75,1Bahreïn
16%
76,5Maurice
6%

Distribution des résultats

Percentile par nombre de réponses

% des personnes avec chaque résultat

Votre développement - résultats

Vous n’avez pas pris ce quiz